| 000 | 00652cam a2200217 a 4500 | ||
|---|---|---|---|
| 001 | 000008041 | ||
| 005 | 20200929154415.0 | ||
| 008 | 900517s1989 sp 001 0 spa | ||
| 020 | _a842331782X | ||
| 040 |
_aDO-SdBNP _cDLC |
||
| 082 |
_ann* _bF379r |
||
| 100 | 1 |
_aFerrater Mora, José, _d1912- _921948 |
|
| 245 | 1 | 0 |
_aRegreso del infierno / _cJosé Ferrater Mora. |
| 260 |
_aBarcelona : _bDestino, _c1989. |
||
| 300 |
_a206 p. ; _c20 cm. |
||
| 490 | 1 |
_aÁncora y Delfín ; _vv. 640 |
|
| 650 | 4 |
_aNovela española _91123 |
|
| 650 | 4 |
_aLiteratura española _9632 |
|
| 830 | 0 |
_aÁncora y Delfín ; _vv. 640 _95000 |
|
| 910 | _aCatalogación por copia / LC | ||
| 999 |
_c7818 _d7818 |
||